000 00350nam a2200157Ia 4500
001 4296
003 IN-NITTTR
005 20251114232958.0
008 251113s9999||||xx |||||||||||||| ||eng||
040 _beng
040 _cIN-NITTTR
041 _aeng
082 _a621.37 B19F
245 0 _aFundamentals of electrical measurements /
942 _2ddc
_cBK
999 _c6932
_d6932